Celestial Cycles : astronomical concepts of regeneration in the ancient Egyptian coffin texts /

Saved in:

Main Author: Wallin, Patrick (Author)

Format: Book

Language: English

Published: Uppsala : Dep. of Archaeology and Ancient History, Uppsala University, 2002.

Series: Uppsala Studies in Egyptology ; 1.
USE ; 1.

Subjects:

Tags: Add Tag

No Tags, Be the first to tag this record!

Call Number: DT57 .U85 v.1

LEADER 00998namaa2200301 4500
001 13403
003 OSt
005 20260423083336.0
008 130303s2002 sw ad b 001 0 eng d
020 |a 9150615386 
040 |c ARCE Library 
043 |a f-ua---  
050 4 |a DT57 .U85 v.1 
100 1 |a Wallin, Patrick,  |e author 
245 1 0 |a Celestial Cycles :   |b astronomical concepts of regeneration in the ancient Egyptian coffin texts /   |c Patrik Wallin. 
264 1 |a Uppsala :   |b Dep. of Archaeology and Ancient History, Uppsala University,   |c 2002. 
300 |a viii, 196 pages :  |b illustrations, charts ;   |c 25 cm. 
490 1 |a Uppsala Studies in Egyptology ;   |v 1. 
490 1 |a USE ;   |v 1. 
504 |a Includes bibliographical references and index 
630 0 0 |a Coffin texts. 
650 0 |a Astronomy  |z Egypt. 
651 0 |a Egypt  |x Religion  |y To 332 BC. 
830 0 |a Uppsala Studies in Egyptology ;   |v 1. 
830 0 |a USE ;   |v 1. 
901 |a reviewed 
942 |c BK  |2 lcc 
999 |c 13297  |d 13297